00537nam a22001697a 450000500170000001000150001702000260003203500130005803700130007108200080008410000190009224500840011126000360019527000630023130000230029450000500031720130515104952.0 aENG-107129 a9789380902791c675.00 aEN-90662 bDBAD/PUB a882 aAgarwal, Beena10aContemporary Indian English drama :cby Beena Agarwalbcanons and commitments / aJaipurbAadi Publicationsc2012 a18, Jain Bhawan, Opp. N.B.C., Shanti NagarbJaipure302006 ax, 174p.c22cm(Hb) aIncludes bibliographical references and index